| 000 | 00404nam a22001577a 4500 | ||
|---|---|---|---|
| 003 | SGT | ||
| 020 | _a9788177582802 | ||
| 082 | _a621.39,BUR | ||
| 100 | _aBURKHARDT,JOCHEN | ||
| 245 | _aPERVASIVE COMPUTING ;TECHNOLOGY AND ARCHITECTURE OF MOBILE INTERNET APPLICATIONS | ||
| 250 | _a18TH | ||
| 260 |
_aCHENNAI _bPEARSON _c2014 |
||
| 300 | _a432 | ||
| 650 | _aCOMPUTER ENGINEERING | ||
| 942 |
_2ddc _cBK |
||
| 999 |
_c18318 _d18318 |
||